La enseñanza y el aprendizaje en la escuela primaria: guía práctica para el maestro

שמור ב:
מידע ביבליוגרפי
מחבר ראשי: Lippincott, Dixie V. (autora)
פורמט: ספר
שפה:ספרדית
יצא לאור: Buenos Aires Paidos 1969
סדרה:Biblioteca del educador contemporáneo, 11
נושאים:
תגים: הוספת תג
אין תגיות, היה/י הראשונ/ה לתייג את הרשומה!

MARC

LEADER 00000nam a2200000 a 4500
001 UCW4370
003 CL-VaPUC
008 900314e19690000AG |||||||||||||||||spa|d
082 0 4 |a 372.1  |b LIP  |2 21 
100 |a Lippincott, Dixie V.  |e autora  |9 309105 
245 1 3 |a La enseñanza y el aprendizaje en la escuela primaria: guía práctica para el maestro 
300 |a 321 p 
942 |c BK 
945 |d 19900314 00:00:00 
260 |a Buenos Aires  |b Paidos  |c 1969 
650 0 |a Enseñanza  |9 256457 
650 0 |a Aprendizaje   |9 254827 
650 0 |a Métodos de enseñanza  |9 270413 
650 0 |a Educación básica   |9 224933 
650 0 |a Currículo  |9 307290 
650 7 |a MEDIO EDUCACIONAL  |2 CL-VaPUC  |9 309106 
650 0 |a Lectura  |9 307634 
650 0 |a Enseñanza de la lectura  |9 308364 
650 0 |a Actitud del docente   |9 309107 
650 7 |a TRABAJO EN GRUPO METODO DE ENSEÑANZA  |2 CL-VaPUC  |9 309108 
650 0 |a Disciplina escolar  |9 271077 
650 7 |a MATERIAL Y EQUIPO DIDACTICOS  |2 CL-VaPUC  |9 309109 
650 0 |a Matemática  |9 260235 
583 |a last modification  |c 19900314 00:00:00  |k Rodrigo Vera 
490 0 |a Biblioteca del educador contemporáneo, 11 
999 |c 218132  |d 218130 
952 |0 0  |1 0  |4 0  |6 372_100000000000000_LIP_1969  |7 0  |8 P  |9 207120  |a BIBEDU  |b BIBEDU  |c BIBEDU_PB  |d 2019-11-15  |i 2748827  |o 372.1 LIP 1969  |p 2748827  |r 2024-01-25  |w 2019-11-15  |y BK  |k EDU 
952 |0 0  |1 0  |4 0  |6 372_100000000000000_LIP_1969  |7 0  |8 P  |9 207121  |a BIBEDU  |b BIBEDU  |c BIBEDU_PB  |d 2019-11-15  |i 1549324  |o 372.1 LIP 1969  |p 1549324  |r 2024-01-25  |w 2019-11-15  |y BK  |k EDU